000 00981nas a2200301 4500
001 BR2014001907
003 BR-BrBNA
005 20231205123834.0
007 ta
008 230509b bl.|||p| |||| 00| 00por d
040 _aBR-BrBNA
_bpor
_cBiblioteca Nacional de Agricultura
041 _a(Pt)
072 _aH10
100 1 _aSampaio, M.V.
100 1 _aBueno, V.H.P.
100 1 _aRodrigues, S.M.M.
100 1 _aSoglia, M. da C. de M.
245 1 _aResposta à temperatura de Aphidius colemani viereck (Hymenoptera, Braconidae, Aphidiinae)originário de três regiões climáticas de Minas Gerais, Brasil
650 _aPULGÃO
650 _aAPHIS GOSSYPII
650 _aCONTROLE BIOLÓGICO
650 _aTEMPERATURA
650 _aBIÓTIPO
650 _aPARASITO
773 0 _tRevista Brasileira de Entomologia (Brazil)
_xISSN 0085-5626
_g(Jan-Mar 2005), v. 49(1) p. 141-147
_wBR2014001907
909 _a202311
_bLúcia
_c55
_dLúcia Elande
942 _2AGRIS
_n0
_cANA
999 _c235966
_d235966